01307nam a2200349 a 4500001001200000003000800012006001900020007001500039008004100054015001500095020001500110020002200125040002100147035002000168041001300188050002300201082001600224100002100240245012300261260005200384300001100436500002900447504006600476533015200542650002400694650001500718650002600733650002600759655002900785710001700814856012600831ebr10080981CaPaEBRm u cr cn|||||||||001127s2000 enk sb 001 0 eng c aGBA0-Y1246 z0761965505 z0761965513 (pbk.) aCaPaEBRcCaPaEBR a(OCoLC)707411661 aenghfin14aP302b.L438 2000eb04a401/.412211 aLehtonen, Mikko.10aCultural analysis of textsh[electronic resource] /cMikko Lehtonen ; translated by Aija-Leena Ahonen and Kris Clarke. aLondon ;aThousand Oaks, Calif. :bSAGE,c2000. a208 p. aTranslated from Finnish. aIncludes bibliographical references (p. [163]-170) and index. aElectronic reproduction.bPalo Alto, Calif. :cebrary,d2013.nAvailable via World Wide Web.nAccess may be limited to ebrary affiliated libraries. 0aDiscourse analysis. 0aSemiotics. 0aContext (Linguistics) 0aLanguage and culture. 7aElectronic books.2local2 aebrary, Inc.40uhttp://site.ebrary.com/lib/rucke/Doc?id=10080981zAn electronic book accessible through the World Wide Web; click to view